000 00539nam a2200217 454500
001 034310
003 BD-ChCU
008 Eng
020 _ax
040 _aDLC
_cDLC
_dBD-ChCU
082 0 0 _a157/C692a
100 1 _aColeman, James C.
_bx
245 1 0 _aAbnormal Psychology and Modern Life
_bx
250 _a5
260 _aIndia: Taraporevala; Illinois
_bScoff, Foresman
_c1976
300 _axiv, 816
504 _aIncludes
650 0 _aPsychology, Pathological
_bPsychology, Pathological
700 1 _ax
942 _2ddc
_cBK
999 _c34310
_d34310